Stories from the Quran (Record no. 185277)
[ view plain ]
| 000 -LEADER | |
|---|---|
| fixed length control field | 01071 a2200169 4500 |
| 003 - CONTROL NUMBER IDENTIFIER | |
| control field | Nust |
| 005 - DATE AND TIME OF LATEST TRANSACTION | |
| control field | 20221222124248.0 |
| 040 ## - CATALOGING SOURCE | |
| Transcribing agency | Nust |
| 082 ## - DEWEY DECIMAL CLASSIFICATION NUMBER | |
| Classification number | 297.122, SEO |
| 100 ## - MAIN ENTRY--PERSONAL NAME | |
| Personal name | Seoharvi, Muhammad Hifzur Rehman |
| 9 (RLIN) | 105674 |
| 245 ## - TITLE STATEMENT | |
| Title | Stories from the Quran |
| Statement of responsibility, etc. | Maulana Muhammad Hifzur rehman Seoharvi |
| 260 ## - PUBLICATION, DISTRIBUTION, ETC. | |
| Place of publication, distribution, etc. | Karachi |
| Name of publisher, distributor, etc. | Darul Ishaat |
| 300 ## - PHYSICAL DESCRIPTION | |
| Extent | 691:p |
| 505 ## - FORMATTED CONTENTS NOTE | |
| Formatted contents note | Sayyidina Aadam (Page-1), Sayyidina Habil And Qabil (Page-67), Sayyidina Nuh (Page-71), Sayyidina Idris (Page-93), Sayyidina Salih (Page-123), Sayyidina Ibrahim (Page-147), Sayyidina Ismail (Page-203), Sayyidina Ishaq (Page-223), Sayyidina Yaqub (Page-249), Sayyidina Shuyab (Page-303), Sayyidina Musa (Page-315), Sayyidina Yusha Bin Noon (Page-495), Sayyidina Hiezqil (Page-503), Sayyidina Ilyas (Page-509), Sayyidina Al Yasa (Page-515), Sayyidina Dawood (Page-531), Sayyidina Sulayman (Page-557), Sayyidina Ayyub (Page-605), Sayyidina Yunus (Page-619), Sayyidina Zulkifl (Page-641), Sayyidina Uzayr (Page-651), Sayyidina Zakariyya (Page-661). |
| 650 ## - SUBJECT ADDED ENTRY--TOPICAL TERM | |
| Topical term or geographic name entry element | the Quran |
| 9 (RLIN) | 105675 |
| 942 ## - ADDED ENTRY ELEMENTS (KOHA) | |
| Source of classification or shelving scheme | |
| Koha item type | Book |
| Withdrawn status | Lost status | Source of classification or shelving scheme | Damaged status | Not for loan | Permanent Location | Current Location | Shelving location | Date acquired | Total Checkouts | Full call number | Barcode | Date last seen | Date last checked out | Price effective from | Koha item type | Public note |
|---|---|---|---|---|---|---|---|---|---|---|---|---|---|---|---|---|
| Military College of Signals (MCS) | Military College of Signals (MCS) | General Stacks | 12/12/2016 | 3 | 297.122,SEO | MCS30696 | 12/03/2025 | 11/20/2025 | 12/12/2016 | Book | Almirah No.47, Shelf No.2 |
